000 01124nam a22003377a 4500
003 CHAP
005 20220817044429.0
008 110324s2009 mx r 00010 spa d
010 _a100733
011 _a101705
035 _a112393
040 _cCHAP
090 _aFolleto 17895
245 0 0 _aMéxico :
_bevaluación de políticas rurales, tendencias teóricas y lecciones de la experiencia
_c/por CEPAL ...[et al.]
260 _aMéxico, DF :
_bCEPAL,
_c2009
300 _aiii, 43 p. :
_bilus.
590 _aBATCH-UPD
_b10
_c20130110
_lUCH01
_h1133
590 _aBATCH-UPD
_b10
_c20130410
_lUCH01
_h0722
590 _aBATCH-UPD
_b10
_c20130914
_lUCH01
_h0911
590 _aCONVERSION
_b10
_c20130109
_lUCH01
_h1356
650 1 4 _aDesarrollo de la comunidad rural
_zMéxico.
_932040
650 1 4 _aDesarrollo sustentable.
650 1 4 _aMéxico
_xAspectos económicos.
_976643
650 1 4 _aMéxico
_xCondiciones rurales.
650 1 4 _aPolítica económica.
710 0 2 _aCEPAL.
_921292
710 0 2 _aFAO.
901 _aBK
942 _cFOLL
949 _aFolleto 17895
_bBC
_cFOLL
_d33724002110199
_eTS1
_gDonaciØn
_i112393
_sb
999 _c100733
_d100733